Technical and analytical challenges involved in drone-based laser-induced breakdown spectroscopy measurements for security applications
This presentation overviews the process of the development of drone-based LIBS instrumentation meant to be used primarily in security applications. We explain the difficulties faced and the potential solutions devised to tackle them. We also share our first results obtained during laboratory-based a...
Elmentve itt :
| Szerzők: | |
|---|---|
| Testületi szerző: | |
| Dokumentumtípus: | Könyv része |
| Megjelent: |
University of Szeged
Szeged
2025
|
| Sorozat: | Proceedings of the International Symposium on Analytical and Environmental Problems
31 |
| Kulcsszavak: | Analitikai kémia, Spektroszkópia, Biztonságtechnológia, Lézerindukált plazmaspektroszkópia |
| Tárgyszavak: | |
| Online Access: | http://acta.bibl.u-szeged.hu/88709 |
| LEADER | 01562naa a2200277 i 4500 | ||
|---|---|---|---|
| 001 | acta88709 | ||
| 005 | 20251111103844.0 | ||
| 008 | 251111s2025 hu o 100 eng d | ||
| 020 | |a 978-963-688-078-1 | ||
| 040 | |a SZTE Egyetemi Kiadványok Repozitórium |b hun | ||
| 041 | |a eng | ||
| 100 | 1 | |a Nagy Attila | |
| 245 | 1 | 0 | |a Technical and analytical challenges involved in drone-based laser-induced breakdown spectroscopy measurements for security applications |h [elektronikus dokumentum] / |c Nagy Attila |
| 260 | |a University of Szeged |b Szeged |c 2025 | ||
| 300 | |a 313-316 | ||
| 490 | 0 | |a Proceedings of the International Symposium on Analytical and Environmental Problems |v 31 | |
| 520 | 3 | |a This presentation overviews the process of the development of drone-based LIBS instrumentation meant to be used primarily in security applications. We explain the difficulties faced and the potential solutions devised to tackle them. We also share our first results obtained during laboratory-based and field measurments with the system. | |
| 650 | 4 | |a Természettudományok | |
| 650 | 4 | |a Fizikai tudományok | |
| 650 | 4 | |a Kémiai tudományok | |
| 695 | |a Analitikai kémia, Spektroszkópia, Biztonságtechnológia, Lézerindukált plazmaspektroszkópia | ||
| 700 | 0 | 1 | |a Csonka Attila |e aut |
| 700 | 0 | 1 | |a Veres Miklós |e aut |
| 700 | 0 | 1 | |a Galbács Gábor |e aut |
| 711 | |a 31th International Symposium on Analytical and Environmental Problems |c Szeged |d 2025. október 13-14. | ||
| 856 | 4 | 0 | |u http://acta.bibl.u-szeged.hu/88709/1/proceedings_of_isaep_2025_313-316.pdf |z Dokumentum-elérés |